<?xml version="1.0" encoding="UTF-8"?>
<record
    xmlns:xsi="http://www.w3.org/2001/XMLSchema-instance"
    xsi:schemaLocation="http://www.loc.gov/MARC21/slim http://www.loc.gov/standards/marcxml/schema/MARC21slim.xsd"
    xmlns="http://www.loc.gov/MARC21/slim">

  <leader>01055nam a2200253   4500</leader>
  <controlfield tag="005">20240530111002.0</controlfield>
  <controlfield tag="008">231127s2007    jo ak  f      000 0 ara d</controlfield>
  <datafield tag="017" ind1=" " ind2=" ">
    <subfield code="a">2004/6/1421</subfield>
    <subfield code="b">&#x627;&#x644;&#x645;&#x645;&#x644;&#x643;&#x629; &#x627;&#x644;&#x627;&#x631;&#x62F;&#x646;&#x64A;&#x629; &#x627;&#x644;&#x647;&#x627;&#x634;&#x645;&#x64A;&#x629;. &#x62F;&#x627;&#x626;&#x631;&#x629; &#x627;&#x644;&#x645;&#x643;&#x62A;&#x628;&#x629; &#x627;&#x644;&#x648;&#x637;&#x646;&#x64A;&#x629;</subfield>
  </datafield>
  <datafield tag="040" ind1=" " ind2=" ">
    <subfield code="a">EG-CaGPL</subfield>
    <subfield code="c">EG-CaGPL</subfield>
  </datafield>
  <datafield tag="082" ind1="4" ind2="0">
    <subfield code="2">21</subfield>
    <subfield code="a">692.5</subfield>
    <subfield code="b">&#x623; &#x62D;</subfield>
  </datafield>
  <datafield tag="100" ind1="0" ind2=" ">
    <subfield code="a">&#x627;&#x62D;&#x645;&#x62F; &#x62D;&#x633;&#x64A;&#x646; &#x627;&#x628;&#x648; &#x639;&#x648;&#x62F;&#x629;</subfield>
  </datafield>
  <datafield tag="245" ind1="1" ind2="0">
    <subfield code="a">&#x62D;&#x633;&#x627;&#x628; &#x627;&#x644;&#x643;&#x645;&#x64A;&#x627;&#x62A; &#x648;&#x627;&#x644;&#x645;&#x648;&#x627;&#x635;&#x641;&#x627;&#x62A; :</subfield>
    <subfield code="b">&#x627;&#x644;&#x62C;&#x632;&#x621; &#x627;&#x644;&#x62B;&#x627;&#x646;&#x649; /</subfield>
    <subfield code="c">&#x627;&#x639;&#x62F;&#x627;&#x62F; &#x627;&#x62D;&#x645;&#x62F; &#x62D;&#x633;&#x64A;&#x646; &#x627;&#x628;&#x648; &#x639;&#x648;&#x62F;&#x629;</subfield>
  </datafield>
  <datafield tag="250" ind1=" " ind2=" ">
    <subfield code="a">&#x637;.1</subfield>
  </datafield>
  <datafield tag="260" ind1=" " ind2=" ">
    <subfield code="a">&#x639;&#x645;&#x627;&#x646; :</subfield>
    <subfield code="b">&#x645;&#x643;&#x62A;&#x628;&#x629; &#x627;&#x644;&#x645;&#x62C;&#x62A;&#x645;&#x639; &#x627;&#x644;&#x639;&#x631;&#x628;&#x649; &#x644;&#x644;&#x646;&#x634;&#x631; &#x648;&#x627;&#x644;&#x62A;&#x648;&#x632;&#x64A;&#x639;&#x60C;</subfield>
    <subfield code="c">2007.</subfield>
  </datafield>
  <datafield tag="300" ind1=" " ind2=" ">
    <subfield code="a">219 &#x635;. :</subfield>
    <subfield code="b">&#x627;&#x64A;&#x636; &#x61B;</subfield>
    <subfield code="c">24 &#x633;&#x645;.</subfield>
  </datafield>
  <datafield tag="490" ind1="0" ind2=" ">
    <subfield code="a">&#x627;&#x644;&#x647;&#x646;&#x62F;&#x633;&#x629; &#x627;&#x644;&#x645;&#x62F;&#x646;&#x64A;&#x629;&#x60C;</subfield>
    <subfield code="v">6.</subfield>
  </datafield>
  <datafield tag="650" ind1="7" ind2="0">
    <subfield code="2">qrmak</subfield>
    <subfield code="a">&#x627;&#x644;&#x647;&#x646;&#x62F;&#x633;&#x629; &#x627;&#x644;&#x627;&#x646;&#x634;&#x627;&#x626;&#x64A;&#x629;</subfield>
  </datafield>
  <datafield tag="650" ind1="7" ind2="0">
    <subfield code="2">qrmak</subfield>
    <subfield code="a">&#x627;&#x644;&#x62A;&#x62D;&#x644;&#x64A;&#x644; &#x627;&#x644;&#x627;&#x646;&#x634;&#x627;&#x626;&#x649;</subfield>
  </datafield>
  <datafield tag="650" ind1="7" ind2="0">
    <subfield code="2">qrmak</subfield>
    <subfield code="a">&#x627;&#x644;&#x645;&#x648;&#x627;&#x62F; &#x627;&#x644;&#x647;&#x646;&#x62F;&#x633;&#x64A;&#x629;</subfield>
  </datafield>
  <datafield tag="650" ind1="7" ind2="0">
    <subfield code="2">qrmak</subfield>
    <subfield code="a">&#x627;&#x644;&#x62A;&#x635;&#x645;&#x64A;&#x645; &#x627;&#x644;&#x627;&#x646;&#x634;&#x627;&#x626;&#x649;</subfield>
  </datafield>
  <datafield tag="651" ind1=" " ind2=" ">
    <subfield code="2">qrmak</subfield>
  </datafield>
  <datafield tag="942" ind1=" " ind2=" ">
    <subfield code="2">ddc</subfield>
    <subfield code="c">BK</subfield>
  </datafield>
  <datafield tag="999" ind1=" " ind2=" ">
    <subfield code="c">67200</subfield>
    <subfield code="d">67200</subfield>
  </datafield>
  <datafield tag="952" ind1=" " ind2=" ">
    <subfield code="0">0</subfield>
    <subfield code="1">0</subfield>
    <subfield code="4">0</subfield>
    <subfield code="7">0</subfield>
    <subfield code="a">CAI</subfield>
    <subfield code="b">CAI</subfield>
    <subfield code="c">&#x627;&#x644;&#x639;&#x644;&#x648;&#x645; &#x627;&#x644;&#x62A;&#x637;&#x628;&#x64A;&#x642;&#x64A;&#x629;-&#x639;&#x631;&#x628;&#x649;</subfield>
    <subfield code="d">2023-11-27</subfield>
    <subfield code="l">0</subfield>
    <subfield code="o">692.5 &#x623; &#x62D;</subfield>
    <subfield code="p">169253</subfield>
    <subfield code="r">2023-11-27 00:00:00</subfield>
    <subfield code="w">2023-11-27</subfield>
    <subfield code="y">BK</subfield>
  </datafield>
</record>
